Vista normal
Vista MARC
- Bravo Soto, Mario
Entrada Nombre personal
Número de registros utilizados en: 2
001 - NÚMERO DE CONTROL
- campo de control: 69
003 - IDENTIFICADOR DE NÚMERO DE CONTROL
- campo de control: gtuscu
005 - FECHA Y HORA DE LA ÚLTIMA TRANSACCIÓN
- campo de control: 20251113160405.0
008 - ELEMENTOS DE DATO DE LONGITUD-FIJA
- campo de control de longitud fija: 251113|| azz||aabn | a|a d
040 ## - FUENTE DE CATALOGACIÓN
- Centro catalogador/agencia de origen: gtuscu
100 1# - ENCABEZAMIENTO-NOMBRE DE PERSONA
- Nombre de persona: Bravo Soto, Mario